Cursus philosophicus continens summulas logicam, physicam, libros de generatione et anima, coelo, mundo et metheoris...

Detalles Bibliográficos
Formato: Libro
Publicado: Zaragoza 1675
Materias:
Colección:Banco de datos
Acervo:Biblioteca del Museo Regional de Querétaro. INAH. Querétaro
Tema general:Filosofía
Notas:Regular. 4D4, 9.
LEADER 00702nam a22001810004500
035 |a 23435 
036 |a 1920 
245 1 0 |a Cursus philosophicus continens summulas logicam, physicam, libros de generatione et anima, coelo, mundo et metheoris... 
260 |a Zaragoza  |b Agustín Verges imp.  |c 1675 
500 |a Regular. 4D4, 9. 
650 1 0 |a Filosofía 
949 |a C.R.Q. 
959 |a Ex convento Grande de San Francisco de la ciudad de Querétaro, Museo Regional de Querétaro  |b CCC2 
960 |a Convento Grande de San Francisco de la ciudad de Querétaro  |b DD68 
961 |a Franciscana  |b OF 
942 |c C.R.Q. 
943 |g Biblioteca del Museo Regional de Querétaro. INAH. Querétaro 
999 |c 979751  |d 979751